[Event "IHEM 2007"]
[Site "Hamburg"]
[Date "2007.05.26"]
[Round "1.1"]
[White "Landa, Konstantin"]
[Black "Jacoby, Gisbert"]
[Result "1-0"]
[WhiteElo "2608"]
[BlackElo "2252"]
[PlyCount "85"]
[EventDate "2007.??.??"]

1. e4 e6 2. d4 d5 3. Nc3 Nf6 4. e5 Nfd7 5. f4 c5 6. Nf3 Nc6 7. Be3 a6 8. Qd2 b5
9. a3 g5 10. fxg5 cxd4 11. Nxd4 Ndxe5 12. Nce2 Bb7 13. Ng3 h6 14. Nxc6 Nxc6 15.
g6 fxg6 16. Bd3 Qf6 17. O-O-O O-O-O 18. Rhf1 Qg7 19. Qe2 h5 20. Bg5 Re8 21. Kb1
Nd4 22. Qe3 Be7 23. c3 h4 24. cxd4 Bxg5 25. Qxg5 hxg3 26. Qxg3 Bc6 27. Rc1 Kd7
28. Rc5 g5 29. a4 Rb8 30. Qe3 Rhe8 31. Rfc1 Rec8 32. a5 Qf6 33. Rf1 Qg7 34.
Rfc1 Qf6 35. g3 Rc7 36. Ka2 Re8 37. Be2 e5 38. Bg4+ Kd8 39. dxe5 Rxe5 40. Qc3
b4 41. Qxb4 Rb7 42. Qd4 Rc7 43. Qc3 1-0

[Event "IHEM 2007"]
[Site "Hamburg"]
[Date "2007.05.26"]
[Round "1.2"]
[White "Rosmann, Ilja"]
[Black "Kempinski, Robert"]
[Result "0-1"]
[WhiteElo "2242"]
[BlackElo "2579"]
[PlyCount "80"]
[EventDate "2007.??.??"]

1. e4 c5 2. Nf3 e6 3. c3 d5 4. e5 d4 5. cxd4 cxd4 6. Bb5+ Bd7 7. Nxd4 Bxb5 8.
Nxb5 Nc6 9. O-O a6 10. N5c3 Qd4 11. Re1 Bc5 12. Qe2 Nge7 13. Na3 Ng6 14. Nc2
Qd7 15. b4 Nxb4 16. Nxb4 Bxb4 17. Rb1 Bxc3 18. dxc3 O-O 19. Ba3 Rfc8 20. c4 Qa4
21. Bd6 Rxc4 22. Rxb7 Nf4 23. Qf3 Rac8 24. h4 Qc6 25. Qxc6 R4xc6 26. Re3 Nd5
27. Rf3 f5 28. Rg3 g6 29. h5 Nf4 30. Rgb3 Nxh5 31. Re7 Rc1+ 32. Kh2 R1c2 33.
Ra3 Rxf2 34. Rxa6 f4 35. Ra3 g5 36. Rh3 Ng7 37. a3 h5 38. Rb3 g4 39. Rbb7 Nf5
40. Rxe6 f3 0-1

[Event "IHEM 2007"]
[Site "Hamburg"]
[Date "2007.05.26"]
[Round "1.3"]
[White "Ftacnik, Lubomir"]
[Black "Engelbert, Christoph"]
[Result "1-0"]
[WhiteElo "2573"]
[BlackElo "2230"]
[PlyCount "57"]
[EventDate "2007.??.??"]

1. Nf3 g6 2. d4 Bg7 3. c4 d6 4. Nc3 e5 5. g3 Nc6 6. d5 Nce7 7. Bg2 h6 8. O-O f5
9. e4 Nf6 10. Ne1 O-O 11. Nd3 g5 12. f4 fxe4 13. fxg5 Bg4 14. Qd2 hxg5 15. Nf2
Bf3 16. Qxg5 Nh7 17. Qd2 Nf5 18. Nfxe4 Bh6 19. Qd3 Bxc1 20. Raxc1 Bxg2 21. Kxg2
Nd4 22. Ne2 Nxe2 23. Qxe2 Qe7 24. Qg4+ Kh8 25. Rxf8+ Rxf8 26. Rf1 b6 27. h4 Rg8
28. Qh3 Rg7 29. Ng5 1-0

[Event "IHEM 2007"]
[Site "Hamburg"]
[Date "2007.05.26"]
[Round "1.4"]
[White "Paridar, Shadi"]
[Black "Saltaev, Mihail"]
[Result "0-1"]
[WhiteElo "2225"]
[BlackElo "2514"]
[PlyCount "62"]
[EventDate "2007.??.??"]

1. e4 c6 2. d4 d5 3. exd5 cxd5 4. c4 Nf6 5. Nc3 Nc6 6. Bg5 Be6 7. Nge2 dxc4 8.
Rc1 Qa5 9. Bxf6 gxf6 10. Qd2 Rd8 11. Qe3 Nb4 12. Ng3 h5 13. Qd2 Bh6 14. f4 h4
15. Nge4 Qf5 16. g3 Nc6 17. Bg2 h3 18. Bf3 Nxd4 19. Qf2 Nxf3+ 20. Qxf3 Rd3 21.
Qe2 Bxf4 22. Rf1 Re3 23. Rxf4 Rxe2+ 24. Kxe2 Qe5 25. Kf1 Rh5 26. Nf2 Rf5 27.
Re4 Qc5 28. Rc2 Qc6 29. Rce2 b5 30. Ke1 b4 31. Ncd1 Re5 0-1

[Event "IHEM 2007"]
[Site "Hamburg"]
[Date "2007.05.26"]
[Round "1.6"]
[White "Bracker, Frank"]
[Black "Lanka, Zigurds"]
[Result "0-1"]
[WhiteElo "2193"]
[BlackElo "2482"]
[PlyCount "86"]
[EventDate "2007.??.??"]

1. e4 c5 2. Nf3 Nc6 3. d4 cxd4 4. Nxd4 Nf6 5. Nc3 d6 6. Bg5 e6 7. Qd2 a6 8.
O-O-O Bd7 9. f4 h6 10. Bh4 g5 11. fxg5 Ng4 12. Be2 Nge5 13. Nf3 Be7 14. Rhg1 b5
15. Rdf1 Ng6 16. Bg3 hxg5 17. Bxd6 g4 18. Bxe7 Qxe7 19. Nd4 Nce5 20. Rh1 Rd8
21. Qe3 Qc5 22. Nf5 Rc8 23. Qxc5 Rxc5 24. Ne3 Bc6 25. Nxg4 Nxg4 26. Bxg4 b4 27.
Nd1 Bxe4 28. Ne3 Ne5 29. Be2 Ke7 30. Kb1 a5 31. Rd1 f5 32. Rd4 Rcc8 33. h3 Rhg8
34. Bf3 Nxf3 35. gxf3 Bxf3 36. Re1 Be4 37. Nc4 Rg2 38. b3 Bxc2+ 39. Ka1 Be4 40.
Nd2 e5 41. Rc4 Rxc4 42. Nxc4 Ke6 43. Nxa5 Bd5 0-1

[Event "IHEM 2007"]
[Site "Hamburg"]
[Date "2007.05.26"]
[Round "1.7"]
[White "Berg, Klaus"]
[Black "Maahs, Erich"]
[Result "1-0"]
[WhiteElo "2434"]
[BlackElo "2193"]
[PlyCount "57"]
[EventDate "2007.??.??"]

1. d4 d5 2. Nf3 Nf6 3. c4 dxc4 4. Nc3 a6 5. e4 b5 6. e5 Nd5 7. a4 Nxc3 8. bxc3
Qd5 9. g3 Bb7 10. Bg2 c6 11. Ba3 e6 12. Bxf8 Kxf8 13. O-O Qd8 14. Nd2 Nd7 15.
Ne4 Nb6 16. Nd6 Qc7 17. axb5 axb5 18. Rxa8+ Bxa8 19. Qa1 g6 20. Qa3 Kg7 21. Ra1
Nd5 22. Bxd5 exd5 23. Qc5 Qd8 24. Ra7 Rf8 25. e6 Qb8 26. e7 Rg8 27. Rd7 h5 28.
h4 Rh8 29. Nxf7 1-0

[Event "IHEM 2007"]
[Site "Hamburg"]
[Date "2007.05.26"]
[Round "1.8"]
[White "Fraas, Henning"]
[Black "Chevelevitch, Evgueni"]
[Result "0-1"]
[WhiteElo "2158"]
[BlackElo "2422"]
[PlyCount "96"]
[EventDate "2007.??.??"]

1. f4 Nf6 2. Nf3 g6 3. d3 d5 4. Nbd2 Bg7 5. e4 O-O 6. e5 Ng4 7. Nb3 c5 8. c3 b6
9. h3 Nh6 10. g4 f6 11. Bg2 Nf7 12. d4 fxe5 13. fxe5 e6 14. O-O Ba6 15. Rf2 Nc6
16. Bf1 Bxf1 17. Qxf1 c4 18. Nbd2 b5 19. Qe1 b4 20. Nf1 Rb8 21. Ng3 Rb7 22. Be3
bxc3 23. bxc3 Qa5 24. h4 Nh6 25. Nh2 Rxf2 26. Bxf2 Rb2 27. Qc1 Rxa2 28. Rxa2
Qxa2 29. Be3 Nf7 30. g5 a5 31. Ng4 a4 32. Qf1 a3 33. Nf6+ Bxf6 34. Qxf6 Qb1+
35. Kg2 Nfd8 36. h5 gxh5 37. Nxh5 Qg6 38. Qf3 a2 39. Nf6+ Kh8 40. Qd1 Kg7 41.
Kh2 Qb1 42. Nh5+ Kf7 43. Qf3+ Ke7 44. Qf6+ Kd7 45. Qg7+ Kc8 46. Nf6 a1=Q 47.
Qd7+ Kb8 48. Qd6+ Ka8 0-1

[Event "IHEM 2007"]
[Site "Hamburg"]
[Date "2007.05.26"]
[Round "1.10"]
[White "Kjetsae, Johnny"]
[Black "Bach, Matthias"]
[Result "1/2-1/2"]
[WhiteElo "2100"]
[BlackElo "2364"]
[PlyCount "80"]
[EventDate "2007.??.??"]

1. e4 c5 2. Nf3 Nf6 3. Nc3 d5 4. exd5 Nxd5 5. Ne5 Qd6 6. d4 cxd4 7. Qxd4 Nb4 8.
Qe4 f5 9. Qe2 N8c6 10. Nxc6 bxc6 11. a3 Ba6 12. Qd1 Qe6+ 13. Be3 Rd8 14. Qxd8+
Kxd8 15. O-O-O+ Kc8 16. axb4 Bxf1 17. Rhxf1 g6 18. Bxa7 Bh6+ 19. Kb1 Rd8 20.
Bb6 Rd2 21. Rxd2 Bxd2 22. Rd1 Bxc3 23. bxc3 Qe5 24. g3 Kb7 25. Bc5 Kc7 26. Kb2
h5 27. Ra1 Kb8 28. Ra6 Qe4 29. Ra7 e5 30. Re7 Qd5 31. c4 Qxc4 32. Rxe5 h4 33.
Re8+ Kc7 34. Rh8 hxg3 35. hxg3 Kd7 36. Rh7+ Ke6 37. Rg7 Kf6 38. Rd7 Qe4 39.
Rd6+ Kf7 40. Rd7+ Kf6 1/2-1/2

[Event "IHEM 2007"]
[Site "Hamburg"]
[Date "2007.05.26"]
[Round "1.11"]
[White "Pajeken, Wolfgang"]
[Black "Carlstedt, Jonathan"]
[Result "1-0"]
[WhiteElo "2346"]
[BlackElo "2081"]
[PlyCount "83"]
[EventDate "2007.??.??"]

1. d4 Nf6 2. c4 c5 3. d5 e6 4. Nc3 exd5 5. cxd5 d6 6. e4 g6 7. f4 Bg7 8. Bb5+
Nfd7 9. a4 O-O 10. Nf3 Na6 11. O-O Nc7 12. Bd3 a6 13. Be3 f5 14. exf5 gxf5 15.
Qc2 Nf6 16. Rae1 Ng4 17. Bc1 b5 18. axb5 axb5 19. Nxb5 c4 20. Nxc7 Qxc7 21.
Bxc4 Ba6 22. b3 Qc5+ 23. Kh1 Bxc4 24. bxc4 Rae8 25. Re6 Rxe6 26. dxe6 Re8 27.
h3 Nf6 28. Re1 Ne4 29. Ng5 d5 30. Qa4 Rb8 31. cxd5 Ng3+ 32. Kh2 Qf2 33. Qd1 Bc3
34. Rg1 Bd4 35. Nf3 Ne4 36. Qe1 Qxe1 37. Rxe1 Bf2 38. Rf1 Rb1 39. Nd2 Bg3+ 40.
Kg1 Ra1 41. Nxe4 fxe4 42. d6 1-0

[Event "IHEM 2007"]
[Site "Hamburg"]
[Date "2007.05.26"]
[Round "1.12"]
[White "Weiss, Siegfried"]
[Black "Wendt, Jan-Dietrich"]
[Result "0-1"]
[WhiteElo "2078"]
[BlackElo "2342"]
[PlyCount "46"]
[EventDate "2007.??.??"]

1. e3 Nf6 2. c4 g6 3. Nc3 Bg7 4. g3 d5 5. cxd5 Nxd5 6. Bg2 Nb6 7. d4 c5 8. Nge2
cxd4 9. Nxd4 O-O 10. O-O Nc6 11. Nxc6 bxc6 12. Bxc6 Rb8 13. Qf3 Bh3 14. Re1 Qc8
15. Nd5 Nxd5 16. Bxd5 h5 17. e4 Bxb2 18. Bxb2 Rxb2 19. Bb3 Qg4 20. Qe3 Rd8 21.
Red1 Rxd1+ 22. Rxd1 Qe2 23. Qd4 Rxb3 0-1

[Event "IHEM 2007"]
[Site "Hamburg"]
[Date "2007.05.26"]
[Round "1.14"]
[White "Schulz, Hans-Juergen"]
[Black "Hebbinghaus, Holger"]
[Result "1/2-1/2"]
[WhiteElo "2043"]
[BlackElo "2316"]
[PlyCount "50"]
[EventDate "2007.??.??"]

1. e4 e6 2. Nf3 d5 3. e5 c5 4. b4 cxb4 5. a3 Nc6 6. axb4 Bxb4 7. c3 Be7 8. d4
f6 9. Bd3 fxe5 10. dxe5 Qc7 11. Qe2 Nh6 12. O-O Nf7 13. Re1 Bd7 14. Na3 O-O 15.
Nb5 Qd8 16. Nbd4 g6 17. Rb1 Rb8 18. Bd2 a6 19. Nxc6 Bxc6 20. Nd4 Bd7 21. Qg4
Nh8 22. Bh6 Re8 23. c4 dxc4 24. Bxc4 Nf7 25. Bf4 Bg5 1/2-1/2

[Event "IHEM 2007"]
[Site "Hamburg"]
[Date "2007.05.26"]
[Round "1.17"]
[White "Lindinger, Markus"]
[Black "Wiese, Phil"]
[Result "1-0"]
[WhiteElo "2307"]
[BlackElo "1967"]
[PlyCount "61"]
[EventDate "2007.??.??"]

1. Nf3 c5 2. g3 Nf6 3. Bg2 Nc6 4. O-O g6 5. c4 Bg7 6. d4 cxd4 7. Nxd4 O-O 8.
Nc2 d6 9. Nc3 Bd7 10. Bd2 Rb8 11. Rc1 Ne5 12. Ne3 Bc6 13. Ncd5 Qd7 14. Bc3 e6
15. Nxf6+ Bxf6 16. f4 Bxg2 17. Nxg2 Ng4 18. e4 Bxc3 19. Rxc3 f5 20. e5 Rfd8 21.
Rd3 Qc7 22. Rxd6 Qc5+ 23. Kh1 Rdc8 24. Rd4 Qb6 25. h3 Rd8 26. c5 Rxd4 27. Qxd4
Qb5 28. Rd1 Nh6 29. Qd6 Rc8 30. Qd7 Qxd7 31. Rxd7 1-0

[Event "IHEM 2007"]
[Site "Hamburg"]
[Date "2007.05.26"]
[Round "1.18"]
[White "Kielhorn, Sebastian"]
[Black "Ritscher, Jan-Paul"]
[Result "0-1"]
[WhiteElo "1846"]
[BlackElo "2300"]
[PlyCount "152"]
[EventDate "2007.??.??"]

1. d4 d5 2. Nf3 e6 3. c4 c6 4. Nc3 f5 5. g3 Nf6 6. Bg2 Bd6 7. O-O Nbd7 8. b3
O-O 9. Bb2 Ne4 10. e3 Qf6 11. Ne2 g5 12. Qc1 Rf7 13. Ba3 Bc7 14. Nd2 h5 15. f4
Nxd2 16. Qxd2 Qh6 17. fxg5 Qxg5 18. Nf4 Nf6 19. Kh1 Bd7 20. Rac1 Raf8 21. Qe2
Rh7 22. Rf3 Kh8 23. Rg1 Rg8 24. Bf1 Ng4 25. Nh3 Qh6 26. Rg2 Nf6 27. Nf4 Ne4 28.
Bb4 Rg4 29. Be1 Bd6 30. Qc2 Rhg7 31. h3 R4g5 32. Kh2 Rg8 33. h4 R5g7 34. Rg1
Be8 35. Bh3 Qf6 36. Rg2 Kh7 37. Qb2 Bd7 38. Kh1 Kh6 39. Qe2 Bxf4 40. exf4 Qxd4
41. Rd3 Qf6 42. c5 Be8 43. Kh2 Rd7 44. Qc2 Bg6 45. Re2 d4 46. Bg2 Re8 47. Qc4
Kh7 48. b4 e5 49. fxe5 Qxe5 50. Bd2 Qd5 51. Qxd5 Rxd5 52. Bf4 b6 53. Rc2 bxc5
54. bxc5 Red8 55. Rc4 R8d7 56. Bf3 Bf7 57. Bg2 Kg6 58. Bf3 Rxc5 59. Rcxd4 Rc2+
60. Kg1 Rxd4 61. Rxd4 Bd5 62. a4 Nxg3 63. Rxd5 cxd5 64. Bxg3 d4 65. Kf1 d3 66.
Ke1 d2+ 67. Kd1 Rc3 68. Bb8 Rxf3 69. Bxa7 Ra3 70. Kxd2 Rxa4 71. Bf2 f4 72. Ke2
Kf5 73. Kf3 Ra3+ 74. Kg2 Kg4 75. Be1 Ra2+ 76. Bf2 Rxf2+ 0-1

[Event "IHEM 2007"]
[Site "Hamburg"]
[Date "2007.05.26"]
[Round "1.19"]
[White "Putzbach, Gerd"]
[Black "Wilms, Robert"]
[Result "1-0"]
[WhiteElo "2253"]
[BlackElo "1814"]
[PlyCount "57"]
[EventDate "2007.??.??"]

1. e4 e6 2. d4 d5 3. Nd2 Nf6 4. e5 Nfd7 5. f4 c5 6. c3 Nc6 7. Ndf3 Be7 8. Bd3
g6 9. Ne2 b6 10. Be3 c4 11. Bc2 Bb7 12. h3 h5 13. g3 Qc7 14. Kd2 O-O-O 15. g4
Kb8 16. f5 gxf5 17. gxf5 b5 18. Nf4 Qa5 19. fxe6 fxe6 20. Nxe6 Rdg8 21. Rg1 b4
22. Nfg5 bxc3+ 23. bxc3 Nc5 24. Nxc5 Bxc5 25. Nf7 Bxd4 26. Bxd4 Nxd4 27. Bg6
Nf3+ 28. Qxf3 d4 29. Rgb1 1-0

[Event "IHEM 2007"]
[Site "Hamburg"]
[Date "2007.05.27"]
[Round "2.1"]
[White "Pajeken, Wolfgang"]
[Black "Landa, Konstantin"]
[Result "0-1"]
[WhiteElo "2346"]
[BlackElo "2608"]
[PlyCount "204"]
[EventDate "2007.??.??"]

1. d4 Nf6 2. c4 e6 3. Nf3 d5 4. Nc3 Bb4 5. Bg5 dxc4 6. e4 b5 7. e5 h6 8. Bd2
Bxc3 9. bxc3 Nd5 10. a4 b4 11. cxb4 c3 12. Be3 Nxb4 13. Qb3 a5 14. Qxc3 O-O 15.
Be2 Ba6 16. Bxa6 Rxa6 17. O-O Rc6 18. Qd2 Rc2 19. Qd1 N8c6 20. Rc1 Rxc1 21.
Qxc1 Qd5 22. Qa3 Rd8 23. Rc1 Qe4 24. h3 Rd5 25. Qc3 Kf8 26. Kf1 Ke8 27. Kg1 Kd7
28. Ne1 h5 29. f3 Qh7 30. Kf2 Qf5 31. Ke2 g5 32. Qc4 Kc8 33. Nc2 Rd7 34. Nxb4
Nxb4 35. Bd2 Nd5 36. Qa6+ Kd8 37. Qa8+ Ke7 38. Qxa5 Kf8 39. Qc5+ Kg7 40. Rg1
Rd8 41. Rc1 g4 42. hxg4 hxg4 43. Qc2 Nf4+ 44. Bxf4 Qxf4 45. Qd2 Qxd2+ 46. Kxd2
Rxd4+ 47. Ke3 Rxa4 48. Rxc7 Kg6 49. Kf2 Ra5 50. fxg4 Rxe5 51. Kf3 Rd5 52. Kf4
Rd4+ 53. Kf3 Rd3+ 54. Kf2 e5 55. g3 Kf6 56. Ra7 Ke6 57. Ra6+ Rd6 58. Ra7 Rb6
59. Kf3 Rb3+ 60. Ke4 Rb4+ 61. Kf3 Kf6 62. Rc7 Rb3+ 63. Kf2 e4 64. Rc5 Rf3+ 65.
Kg2 Ke6 66. Ra5 Rf6 67. Rb5 Kd6 68. Ra5 Ke6 69. Rb5 Rf3 70. Ra5 Rd3 71. Kf2 f6
72. Ra6+ Ke5 73. Ra5+ Rd5 74. Ra6 Rd2+ 75. Ke3 Rd3+ 76. Kf2 Rf3+ 77. Kg2 Rc3
78. Kf2 Rf3+ 79. Kg2 Rd3 80. Kf2 Rc3 81. Rb6 Ra3 82. Rc6 Rf3+ 83. Kg2 Rd3 84.
Kf2 Rd6 85. Rc5+ Kd4 86. Rc1 Ra6 87. Rd1+ Ke5 88. Rb1 Ra2+ 89. Ke3 Ra3+ 90. Kf2
Kd4 91. Rb6 Ra2+ 92. Ke1 Rg2 93. Rb4+ Ke3 94. Rb3+ Kd4 95. Ra3 Rc2 96. Ra6 Kd3
97. Rd6+ Ke3 98. Kf1 Rf2+ 99. Ke1 Rf3 100. Ra6 Rxg3 101. Rxf6 Rg1+ 102. Rf1
Rxf1+ 0-1

[Event "IHEM 2007"]
[Site "Hamburg"]
[Date "2007.05.27"]
[Round "2.3"]
[White "Wendt, Jan-Dietrich"]
[Black "Ftacnik, Lubomir"]
[Result "1-0"]
[WhiteElo "2342"]
[BlackElo "2573"]
[PlyCount "75"]
[EventDate "2007.??.??"]

1. d4 Nf6 2. Nf3 g6 3. c4 Bg7 4. g3 d5 5. cxd5 Nxd5 6. Bg2 Nb6 7. O-O Nc6 8.
Nc3 O-O 9. d5 Na5 10. Qc2 c6 11. dxc6 Nxc6 12. Rd1 Bf5 13. e4 Bd7 14. Bf4 Rc8
15. Qe2 Qe8 16. e5 h6 17. h4 Bg4 18. Rac1 Nd8 19. b3 Ne6 20. Qe3 Kh7 21. a4 Nd7
22. Nd5 Nxf4 23. Nxf4 b6 24. e6 Nc5 25. exf7 Qxf7 26. b4 e5 27. Nxe5 Bxe5 28.
Qxe5 Rfe8 29. Qd6 Bxd1 30. Qxd1 Nd7 31. Rxc8 Rxc8 32. Be4 Ne5 33. h5 Qc4 34.
hxg6+ Kh8 35. Qh5 Qxe4 36. Qxh6+ Kg8 37. Qh7+ Kf8 38. g7+ 1-0

[Event "IHEM 2007"]
[Site "Hamburg"]
[Date "2007.05.27"]
[Round "2.4"]
[White "Saltaev, Mihail"]
[Black "Zierke, Oliver"]
[Result "1-0"]
[WhiteElo "2514"]
[BlackElo "2313"]
[PlyCount "113"]
[EventDate "2007.??.??"]

1. e4 c5 2. Nf3 Nc6 3. d4 cxd4 4. Nxd4 Nf6 5. Nc3 d6 6. Bc4 e6 7. O-O Be7 8. a3
O-O 9. Ba2 a6 10. Kh1 Nxd4 11. Qxd4 Qc7 12. f4 Rd8 13. Be3 Ng4 14. Qb6 Qc6 15.
Bg1 Bd7 16. Rad1 Qxb6 17. Bxb6 Rdc8 18. Bb3 Rc6 19. Bd4 b5 20. h3 Nf6 21. e5
Ne8 22. f5 dxe5 23. Bxe5 Rd8 24. fxe6 Bxe6 25. Nd5 Kf8 26. Nxe7 Rxd1 27. Rxd1
Kxe7 28. Bxe6 Rxe6 29. Bc3 Re2 30. Bb4+ Kf6 31. Rd8 g6 32. Kg1 Nc7 33. Rd7 Ne8
34. Ra7 Rxc2 35. Rxa6+ Kf5 36. Bc3 Rc1+ 37. Kf2 Rd1 38. Ra5 Rd5 39. a4 Nd6 40.
Kf3 Ke6 41. Ra6 bxa4 42. Rxa4 h5 43. Ra6 Kf5 44. Bb4 Nc4 45. g4+ hxg4+ 46.
hxg4+ Kg5 47. Be7+ Kh6 48. Bf6 Rd3+ 49. Kf4 g5+ 50. Bxg5+ Kh7 51. Bf6 Rb3 52.
Ra2 Ne3 53. Ra3 Nd5+ 54. Kg5 Rxa3 55. bxa3 Nb6 56. Bd4 Na4 57. Kf6 1-0

[Event "IHEM 2007"]
[Site "Hamburg"]
[Date "2007.05.27"]
[Round "2.5"]
[White "Stanke, Juergen"]
[Black "van der Weide, Karel"]
[Result "1/2-1/2"]
[WhiteElo "2310"]
[BlackElo "2502"]
[PlyCount "32"]
[EventDate "2007.??.??"]

1. c4 e5 2. Nc3 Bb4 3. Qb3 Nc6 4. Nf3 d6 5. d3 Nf6 6. Bd2 O-O 7. e3 Re8 8. Be2
a5 9. O-O Bg4 10. Rfd1 Bxc3 11. Bxc3 a4 12. Qc2 d5 13. cxd5 Nxd5 14. h3 Bh5 15.
a3 Qd6 16. Rac1 Nxc3 1/2-1/2

[Event "IHEM 2007"]
[Site "Hamburg"]
[Date "2007.05.27"]
[Round "2.7"]
[White "Ritscher, Jan-Paul"]
[Black "Berg, Klaus"]
[Result "1-0"]
[WhiteElo "2300"]
[BlackElo "2434"]
[PlyCount "71"]
[EventDate "2007.??.??"]

1. e4 d6 2. d4 Nf6 3. Nc3 g6 4. g3 Bg7 5. Bg2 O-O 6. Nge2 Nbd7 7. O-O c5 8. d5
a6 9. a4 b6 10. h3 Rb8 11. Rb1 Qc7 12. Be3 Re8 13. g4 h5 14. g5 Nh7 15. f4 Nhf8
16. Qe1 b5 17. axb5 axb5 18. b4 Ba6 19. bxc5 b4 20. Na4 Bb5 21. c6 Bxa4 22.
cxd7 Nxd7 23. Rxb4 Bxc2 24. Nd4 Bd3 25. Rf2 Rxb4 26. Qxb4 Rb8 27. Qa3 Nc5 28.
e5 Be4 29. Nc6 Rb1+ 30. Kh2 Bxg2 31. Kxg2 Rb3 32. Qa8+ Kh7 33. Bxc5 dxc5 34.
Qe8 e6 35. Ne7 Rb8 36. Qxf7 1-0

[Event "IHEM 2007"]
[Site "Hamburg"]
[Date "2007.05.27"]
[Round "2.10"]
[White "Bach, Matthias"]
[Black "Schulz, Hans-Juergen"]
[Result "1-0"]
[WhiteElo "2364"]
[BlackElo "2043"]
[PlyCount "59"]
[EventDate "2007.??.??"]

1. d4 d5 2. c4 e6 3. Nc3 c5 4. cxd5 cxd4 5. Qa4+ Bd7 6. Qxd4 exd5 7. Qxd5 Nf6
8. Qd1 Bc5 9. e3 O-O 10. Nf3 Qe7 11. Be2 Nc6 12. O-O Rfd8 13. a3 a5 14. Bd2 Bf5
15. Qa4 Ng4 16. Rad1 Bd7 17. Qe4 Be6 18. Bc1 f5 19. Qa4 Kh8 20. h3 Nge5 21.
Nxe5 Nxe5 22. Rxd8+ Qxd8 23. Rd1 Qg8 24. Qb5 Qc8 25. b4 axb4 26. axb4 Bd6 27.
Rxd6 Qxc3 28. Rxe6 h6 29. Qxe5 Qxc1+ 30. Kh2 1-0

[Event "IHEM 2007"]
[Site "Hamburg"]
[Date "2007.05.27"]
[Round "2.11"]
[White "Mueller, Joerg"]
[Black "Kjetsae, Johnny"]
[Result "1-0"]
[WhiteElo "2118"]
[BlackElo "2100"]
[PlyCount "95"]
[EventDate "2007.??.??"]

1. e4 c5 2. Nf3 e6 3. c3 d5 4. e5 d4 5. cxd4 cxd4 6. Qa4+ Nc6 7. Bb5 Bd7 8. O-O
Bc5 9. d3 a6 10. Qc2 Ba7 11. Bc4 Nge7 12. Bf4 Rc8 13. Qe2 O-O 14. a3 Ng6 15.
Bg3 Bb8 16. Nbd2 Kh8 17. Rfe1 f6 18. exf6 gxf6 19. Qd1 Nge5 20. Nxe5 Nxe5 21.
Qh5 b5 22. Bxe5 fxe5 23. Bb3 Qf6 24. Ne4 Qf5 25. Qh4 Qf4 26. Qg3 a5 27. a4 bxa4
28. Bxa4 Bxa4 29. Rxa4 Rc1 30. Ra1 Rxe1+ 31. Rxe1 Rc8 32. Qg5 Qxg5 33. Nxg5 Rc2
34. g3 Kg7 35. Ra1 h6 36. Ne4 Bc7 37. Rb1 h5 38. Kf1 Kg6 39. Ke1 Bd8 40. Kd1
Rc6 41. Ra1 h4 42. Rc1 Rb6 43. Rc8 Be7 44. Kc2 hxg3 45. hxg3 Bb4 46. g4 Rb7 47.
Rc6 Re7 48. Rb6 1-0

[Event "IHEM 2007"]
[Site "Hamburg"]
[Date "2007.05.27"]
[Round "2.12"]
[White "Jacoby, Gisbert"]
[Black "Carlstedt, Jonathan"]
[Result "1-0"]
[WhiteElo "2252"]
[BlackElo "2081"]
[PlyCount "107"]
[EventDate "2007.??.??"]

1. c4 c5 2. Nf3 Nc6 3. e3 d6 4. d4 Bg4 5. d5 Ne5 6. Be2 Bxf3 7. Bxf3 Nxf3+ 8.
Qxf3 Nf6 9. Nc3 g6 10. e4 Bg7 11. O-O Qd7 12. h3 h6 13. Qe2 g5 14. f4 g4 15. e5
gxh3 16. g3 O-O-O 17. exf6 Bxf6 18. Ne4 Rdg8 19. Kh2 Qf5 20. Qd3 Qg4 21. Nxf6
exf6 22. Bd2 h5 23. f5 h4 24. Bf4 hxg3+ 25. Bxg3 Re8 26. Rae1 Kd7 27. Rf4 Qg5
28. Rxe8 Rxe8 29. Re4 Re5 30. Rxe5 fxe5 31. Kxh3 Qh5+ 32. Bh4 f6 33. Qg3 Kc7
34. Qg4 Qh6 35. Qg6 Qe3+ 36. Bg3 Qf3 37. Qxf6 Qh5+ 38. Qh4 Qxf5+ 39. Qg4 Qh7+
40. Kg2 Qc2+ 41. Bf2 Qh7 42. Qe6 Qe4+ 43. Kh2 Qh7+ 44. Qh3 Qc2 45. Qh4 Qxb2 46.
Qe7+ Kc8 47. Kg2 Qb6 48. Bh4 Qb2+ 49. Kg3 Qc3+ 50. Kg4 Qxc4+ 51. Kf5 Qf4+ 52.
Ke6 b6 53. Kxd6 e4+ 54. Kc6 1-0

[Event "IHEM 2007"]
[Site "Hamburg"]
[Date "2007.05.27"]
[Round "2.14"]
[White "Engelbert, Christoph"]
[Black "Weiss, Siegfried"]
[Result "1-0"]
[WhiteElo "2230"]
[BlackElo "2078"]
[PlyCount "71"]
[EventDate "2007.??.??"]

1. e4 g6 2. d4 c6 3. Nf3 Bg7 4. c3 d6 5. Bd3 Nd7 6. O-O e5 7. Be3 Ngf6 8. h3
O-O 9. a4 Re8 10. Nbd2 Qc7 11. dxe5 Nxe5 12. Nxe5 dxe5 13. Qc2 Nh5 14. Rfd1 Nf4
15. Bf1 Be6 16. Bc4 Qe7 17. Qb3 b6 18. Bxe6 Nxe6 19. Qc4 Qb7 20. b4 Rac8 21.
Qf1 Bf8 22. a5 b5 23. a6 Qc7 24. Nb3 f5 25. f3 Qf7 26. exf5 gxf5 27. Qf2 c5 28.
Nxc5 f4 29. Nxe6 Rxe6 30. Bxa7 Ra8 31. Bc5 Rc6 32. Bxf8 Kxf8 33. a7 Qc7 34. Kh2
Rxc3 35. Qd2 e4 36. Qd5 1-0

[Event "IHEM 2007"]
[Site "Hamburg"]
[Date "2007.05.27"]
[Round "2.15"]
[White "Faika, Michael"]
[Black "Paridar, Shadi"]
[Result "1-0"]
[WhiteElo "2007"]
[BlackElo "2225"]
[PlyCount "103"]
[EventDate "2007.??.??"]

1. e4 c5 2. Nf3 Nc6 3. d4 cxd4 4. c3 Nf6 5. Bd3 dxc3 6. Nxc3 d6 7. Bg5 e6 8.
Qe2 Be7 9. O-O-O Qa5 10. Kb1 a6 11. Bd2 Qd8 12. g4 b5 13. e5 dxe5 14. Bg5 Nd4
15. Bxb5+ axb5 16. Qxe5 O-O 17. Nxd4 Qb6 18. Qxb5 Qxb5 19. Ndxb5 Bb7 20. Rhg1
h6 21. Bxf6 Bxf6 22. f4 Rab8 23. Kc2 Bc6 24. Nd4 Ba8 25. Rge1 Rb4 26. Nde2 Rc8
27. a3 Be4+ 28. Kc1 Rb7 29. Nd4 Bd5 30. Re3 Rc4 31. Nde2 Be7 32. b4 Rbc7 33.
Kb2 Bf6 34. Rc1 g6 35. Kb1 Bb7 36. h3 e5 37. Nb5 exf4 38. Re8+ Kg7 39. Nxc7
Be4+ 40. Rxe4 Rxe4 41. Nc3 Rd4 42. N7d5 Be5 43. Rd1 Rc4 44. Kc2 h5 45. Kb3 Rc8
46. g5 Kf8 47. Re1 Re8 48. Rf1 Rc8 49. Rf3 f6 50. h4 fxg5 51. hxg5 Kg7 52. Nxf4
1-0

[Event "IHEM 2007"]
[Site "Hamburg"]
[Date "2007.05.27"]
[Round "2.16"]
[White "Kröncke, Manfred"]
[Black "Albers, Andreas"]
[Result "0-1"]
[WhiteElo "2207"]
[BlackElo "1998"]
[PlyCount "98"]
[EventDate "2007.??.??"]

1. e4 e6 2. d3 d5 3. Qe2 Nf6 4. Nf3 b6 5. a3 Be7 6. g3 dxe4 7. dxe4 Bb7 8. Nbd2
Nc6 9. Bg2 e5 10. O-O O-O 11. Rd1 Qc8 12. b4 a6 13. Bb2 Qe6 14. h3 Ne8 15. Nc4
f6 16. Ne3 Nd6 17. Nd5 Rac8 18. c4 a5 19. b5 Nb8 20. a4 Nd7 21. Ba3 Rfd8 22.
Nh4 Bf8 23. Bf3 g6 24. Bg4 f5 25. Bxd6 fxg4 26. Bxc7 Re8 27. hxg4 Bc5 28. Kg2
Rf8 29. Nf3 Qxg4 30. Qd3 Rxc7 31. Ra2 Rcc8 32. Rh1 Nf6 33. Rh4 Qe6 34. Ng5 Qd6
35. Re2 h5 36. f4 Nxd5 37. exd5 Rf5 38. fxe5 Qe7 39. Nf3 Rcf8 40. Nd4 Bxd4 41.
Qxd4 Qa3 42. Rf4 Rxf4 43. gxf4 h4 44. Re3 Qa2+ 45. Kh3 Qf2 46. Kg4 Qg2+ 47.
Kxh4 Rf5 48. Rg3 Qh2+ 49. Rh3 Rh5+ 0-1

[Event "IHEM 2007"]
[Site "Hamburg"]
[Date "2007.05.27"]
[Round "2.18"]
[White "Maahs, Erich"]
[Black "Kielhorn, Sebastian"]
[Result "1-0"]
[WhiteElo "2193"]
[BlackElo "1846"]
[PlyCount "53"]
[EventDate "2007.??.??"]

1. e4 e5 2. Nc3 Nf6 3. f4 d5 4. fxe5 Nxe4 5. d3 Qh4+ 6. g3 Nxg3 7. Nf3 Qh5 8.
Nxd5 Nxh1 9. Nxc7+ Kd8 10. Nxa8 Bg4 11. Bg2 Bxf3 12. Qxf3 Qxe5+ 13. Kf1 Bd6 14.
Bd2 Nc6 15. Bc3 Qxh2 16. Bxh1 Re8 17. Bg2 f6 18. Re1 Rxe1+ 19. Kxe1 Qh4+ 20.
Kd1 Qf4 21. Qd5 Qg4+ 22. Ke1 Kd7 23. b4 Qg3+ 24. Ke2 Kc8 25. b5 Nd8 26. b6 Kb8
27. Nc7 1-0

[Event "IHEM 2007"]
[Site "Hamburg"]
[Date "2007.05.27"]
[Round "2.19"]
[White "Wilms, Robert"]
[Black "Fraas, Henning"]
[Result "0-1"]
[WhiteElo "1814"]
[BlackElo "2158"]
[PlyCount "90"]
[EventDate "2007.??.??"]

1. e4 c6 2. d4 d5 3. e5 Bf5 4. Bd3 Bxd3 5. Qxd3 Qa5+ 6. c3 Qa6 7. Qd1 e6 8. Ne2
Nd7 9. O-O Ne7 10. b4 Qb6 11. Nd2 a5 12. bxa5 Qxa5 13. Nb3 Qb5 14. Bg5 h6 15.
Bxe7 Bxe7 16. Qc2 O-O 17. Rfb1 Qa4 18. Qd2 Qc4 19. Qe3 Ra3 20. Nd2 Qa6 21. h3
b5 22. Rb2 b4 23. Nb1 bxc3 24. Nexc3 Ra5 25. Nd2 Ba3 26. Rc2 Qa7 27. Nb3 Ra6
28. Qe2 Rb8 29. Rd1 Bb4 30. Rd3 c5 31. dxc5 Nxc5 32. Nxc5 Bxc5 33. Rg3 Rb4 34.
Kh1 Rf4 35. Qb5 Bxf2 36. Qe8+ Kh7 37. Rf3 Rxf3 38. gxf3 Qe3 39. Kg2 Be1 40. Nb5
Qxe5 41. Qxf7 d4 42. Kh1 Qxb5 43. Rg2 Bg3 44. Rxg3 Qf1+ 45. Kh2 Rxa2+ 0-1